[Event "World Amateur-ch U1700"]
[Site "Muscat"]
[Date "2023.11.04"]
[Round "3.2"]
[White "Al Awaini, Amer"]
[Black "Deepak, Batra"]
[Result "0-1"]
[WhiteElo "1551"]
[BlackElo "1672"]
[PlyCount "80"]
[EventDate "2023.11.02"]
[EventType "swiss"]
[EventRounds "9"]
[EventCountry "OMN"]
[SourceTitle "CBM 217 Extra"]
[Source "ChessBase"]
[SourceDate "2024.01.31"]
[SourceVersion "1"]
[SourceVersionDate "2024.01.31"]
[SourceQuality "1"]

1. d4 Nf6 2. Bf4 d5 3. e3 c5 4. c3 Nc6 5. Nd2 Bf5 6. Ngf3 Qb6 7. Qb3 c4 8. Qxb6 axb6 9. h3 h6 10. Be2 e6 11. 0-0 b5 12. a3 Be7 13. Rfe1 0-0 14. Ne5 Nxe5 15. Bxe5 Nd7 16. Bg3 Nb6 17. Bd1 Rfe8 18. f3 Bd3 19. Rc1 Na4 20. Bxa4 bxa4 21. Ra1 Ra6 22. e4 Rd8 23. exd5 Rxd5 24. Re5 Rb6 25. Ra2 Bd6 26. Rxd5 exd5 27. Nf1 Bxg3 28. Nxg3 Bb1 29. Ra1 Rxb2 30. Nh5 Bc2 31. Nf4 Rb5 32. Re1 Rb3 33. Ra1 Rxc3 34. Rc1 Rxa3 35. Rxc2 b5 36. Nxd5 Rb3 37. Nc3 a3 38. Nxb5 Rxb5 39. Kh2 Ra5 40. Ra2 c3 0-1